| 000 | 00688nam a2200241Ia 4500 | ||
|---|---|---|---|
| 003 | OSt | ||
| 005 | 20220927105459.0 | ||
| 006 | a|||||r|||| 00| 0 | ||
| 007 | ta | ||
| 008 | 220926b |||||||| |||| 00| 0 eng d | ||
| 024 | _a170151 | ||
| 037 | _cReference Collections | ||
| 040 |
_aRTL _cRTL _beng |
||
| 041 |
_2eng _aeng |
||
| 082 | _a"X621.2. N75s, L5" | ||
| 110 | _aReserve Bank of India. | ||
| 245 | 0 | _aStatistical tables Relating to bauks in India. | |
| 260 |
_aBombay _bR.B.I. _c1975 |
||
| 300 |
_axiv; 89p. _ccm. |
||
| 700 | _aReserve Bank of India. | ||
| 942 |
_h"X621.2. N75s, L5" _cCC |
||
| 999 |
_c692767 _d692767 |
||